Los trabajadores del Programa de Empleo Mínimo en el capitalismo autoritario, condiciones de trabajo, comportamiento, rol socio-político
Gespeichert in:
| 1. Verfasser: | |
|---|---|
| Körperschaften: | , |
| Weitere Verfasser: | |
| Format: | Buch |
| Sprache: | Spanisch |
| Veröffentlicht: |
Santiago
Programa de Economía del Trabajo, Académia de Humanismo Cristiano
1984
|
| Schlagworte: | |
| Tags: |
Tag hinzufügen
Keine Tags, Fügen Sie den ersten Tag hinzu!
|
MARC
| LEADER | 00000nam a2200000 a 4500 | ||
|---|---|---|---|
| 001 | UCW8740 | ||
| 003 | CL-VaPUC | ||
| 008 | 881026e19840000CL |||||||||||||||||spa|d | ||
| 082 | 0 | 4 | |a 331.5 |b RUI |2 21 |
| 100 | 0 | |a Ruíz-Tagle P., Jaime |e author |9 313981 | |
| 700 | |a Urmeneta, Roberto |e autor |9 313982 | ||
| 110 | 2 | |a Académia de Humanismo Cristiano, Chile: Programa de Economía del Trabajo |e author |9 313983 | |
| 710 | 2 | |a PISPAL |e author |9 313984 | |
| 245 | 1 | 4 | |a Los trabajadores del Programa de Empleo Mínimo en el capitalismo autoritario, condiciones de trabajo, comportamiento, rol socio-político |
| 300 | |a 179 p | ||
| 942 | |c BK | ||
| 945 | |d 19881026 00:00:00 | ||
| 260 | |a Santiago |b Programa de Economía del Trabajo, Académia de Humanismo Cristiano |c 1984 | ||
| 500 | |a Trabajo auspiciado por el Programa de Investigaciones Sociales sobre Población en América Latina PISPAL | ||
| 600 | 0 | 7 | |a PROGRAMA DEL EMPLEO MINIMO |2 CL-VaPUC |9 313985 |
| 651 | 7 | |a CHILE |2 CL-VaPUC |9 313986 | |
| 583 | |a last modification |c 19881026 00:00:00 |k Rodrigo Vera | ||
| 999 | |c 221023 |d 221021 | ||
| 952 | |0 0 |1 0 |4 0 |6 331_500000000000000_RUI_1984 |7 0 |8 A |9 213918 |a BIBENE |b BIBENE |d 2019-11-15 |i 2822776 |o 331.5 RUI 1984 |p 2822776 |r 2025-01-15 |w 2019-11-15 |y BK |k ICO | ||
| 952 | |0 0 |1 0 |4 0 |6 331_500000000000000_RUI_1984 |7 0 |8 A |9 213919 |a BIBENE |b BIBENE |d 2019-11-15 |i 2822784 |l 1 |o 331.5 RUI 1984 |p 2822784 |r 2025-01-09 |s 2024-11-07 |w 2019-11-15 |y BK |k ICO | ||